| 000 | 00748nam a2200193 a 4500 | ||
|---|---|---|---|
| 020 | _a9264139001 (pbk.) : | ||
| 082 | 0 | 0 |
_a625.8 _bROA _cL-18, P-72 |
| 245 | 0 | 0 | _aRoad transport research outlook. |
| 260 |
_aParis : _bOrganisation for Economic Co-operation and Development, _cc1993. |
||
| 300 |
_a103 p. : _bill. ; _c23 cm. |
||
| 500 | _a"Prepared for the 25th Anniversary of the OECD Road Transport Research Programme"--P. 4. | ||
| 526 |
_a0 _b0 _c0 _d625_800000000000000_ROA |
||
| 650 | 0 |
_aHighway engineering _xResearch. _943816 |
|
| 650 | 0 |
_aHighway research. _938465 |
|
| 650 | 0 |
_aMCE _9379 |
|
| 650 | 0 |
_aTransportation, Automotive _xResearch. _943817 |
|
| 710 | 2 |
_aOrganisation for Economic Co-operation and Development. _92909 |
|
| 942 |
_2ddc _cBK |
||
| 999 |
_c547670 _d547670 |
||